Подробности
| 000 -МАРКЕР |
| контрольное поле |
04629nam0a22005531 4500 |
| 001 - ИДЕНТИФИКАТОР ЗАПИСИ |
| контрольное поле |
v19\rc\2106496 |
| 005 - ИДЕНТИФИКАТОР ВЕРСИИ |
| контрольное поле |
20260407111918.0 |
| 035 ## - ДРУГИЕ СИСТЕМНЫЕ НОМЕРА |
| Идентификатор записи |
(NLR Aleph) 005279170 |
| 100 ## - ДАННЫЕ ОБЩЕЙ ОБРАБОТКИ |
| Данные общей обработки |
20090914d1804 |||y0rusy50 ca |
| 101 0# - ЯЗЫК РЕСУРСА |
| Язык текста, звукозаписи и т.д. |
русский |
| -- |
немецкий |
| 102 ## - СТРАНА ПУБЛИКАЦИИ ИЛИ ПРОИЗВОДСТВА |
| Страна публикации |
Российская Федерация |
| 135 ## - ПОЛЕ КОДИРОВАННЫХ ДАННЫХ: ЭЛЕКТРОННЫЕ РЕСУРСЫ |
| Кодированные данные для электронного ресурса |
crcn 024anaba |
| 140 ## - ПОЛЕ КОДИРОВАННЫХ ДАННЫХ: СТАРОПЕЧАТНЫЕ ИЗДАНИЯ - ОБЩАЯ ИНФОРМАЦИЯ |
| Кодированные данные о старопечатном издании - Основные |
y y da yaa0000 |
| 200 1# - ЗАГЛАВИЕ И СВЕДЕНИЯ ОБ ОТВЕТСТВЕННОСТИ |
| Основное заглавие |
Доклад его императорскому величеству от Комитета, учрежденнаго для разсмотрения лифляндских дел |
| Сведения, относящиеся к заглавию |
[От 3 февр. 1804 г.] |
| Параллельное заглавие |
Verordnung die Bauern des Livländischen Gouvernements betreffend |
| Язык параллельного заглавия |
немецкий |
| 210 ## - ПУБЛИКАЦИЯ, РАСПРОСТРАНЕНИЕ И ДР. |
| Место издания, распространения и т.д. |
[Санкт-Петербург |
| Имя издателя, распространителя и т. д. |
в Сенатской типографии |
| Дата издания, распространения и т.д. |
1804] |
| 215 ## - ФИЗИЧЕСКАЯ ХАРАКТЕРИСТИКА |
| Специфическое обозначение материала и объем |
[1], 54, [1], 139, [2], XVI, [27] с., [5] л. табл. |
| Другие сведения о физической характеристике |
табл. |
| Размеры |
8° |
| 300 ## - ОБЩИЕ ПРИМЕЧАНИЯ |
| Текст примечания |
Текст парал. на рус. и нем. яз. |
| 300 ## - ОБЩИЕ ПРИМЕЧАНИЯ |
| Текст примечания |
Пер. на нем. яз. П.С. Кайсаров |
| 309 ## - ПРИМЕЧАНИЯ ОБ ОСНОВНОМ ИСТОЧНИКЕ ИНФОРМАЦИИ И ОБ ОСОБЕННОСТЯХ ПОЛИГРАФИЧЕСКОГО ОФОРМЛЕНИЯ ИЗДАНИЯ |
| Текст примечания |
Без тит. л. и обл. Описано по шмуцтит. |
| 316 ## - ПРИМЕЧАНИЯ ОБ ОСОБЕННОСТЯХ ЭКЗЕМПЛЯРА |
| Текст примечания |
Экз. РНБ (138/423) в составном картон. пер., обтянутом серо-розовой бумагой, корич. кожан. уголками и корешком. Корешок с 5-ю бинтами, с тиснением золотом (позолота практически полностью утрачена). На корешке кожан. наклейка цвета беж с вытисн. загл.: "Bauern Regulations Buch.", бумаж. наклейка с номером: "4466" и ярлык-марка с вписанным номером 924. На нижней крышке пер. экслибрис Рус. фонда ГПБ с шифром. Обрез тонир. красный. На форзаце ярлык с шифром РНБ. На обороте форзаца, с.33 1-й паг., с.[24] и оборотах табл. круглый штамп ГПБ. Размер: 20,5х12,7х2,6 см |
| Организация и экземпляр, к которому относится поле |
NLR: 138/423 |
| 316 ## - ПРИМЕЧАНИЯ ОБ ОСОБЕННОСТЯХ ЭКЗЕМПЛЯРА |
| Текст примечания |
Экз. РНБ (18.83.7.39) деф.: отсутствует 1 л. табл. |
| Организация и экземпляр, к которому относится поле |
NLR: 18.83.7.39 |
| 321 1# - ПРИМЕЧАНИЯ ОБ ОТДЕЛЬНО ИЗДАННЫХ УКАЗАТЕЛЯХ / РЕФЕРАТАХ / ССЫЛКАХ, ОТРАЖАЮЩИХ КАТАЛОГИЗИРУЕМЫЙ ДОКУМЕНТ |
| Примечания об указателях, рефератах, ссылках |
СК 1801-1825 3647 |
| 325 ## - ПРИМЕЧАНИЕ О КОПИИ |
| Текст примечания |
Копия доступна в Электрон. б-ке РНБ |
| 327 0# - ПРИМЕЧАНИЯ О СОДЕРЖАНИИ |
| Текст примечания |
Из содерж.: Положение о крестьянах Лифляндской губернии = Verordnung die Bauern des Livländischen Gouvernements betreffend. (С.1-139) |
| 464 #0 - АНАЛИТИЧЕСКИЙ УРОВЕНЬ |
| Встроенное поле |
2001#$aПоложение о крестьянах Лифляндской губернии$dVerordnung die Bauern des Livländischen Gouvernements betreffend$zger |
| -- |
215##$aС.1-139 |
| -- |
300##$aПеред текстом на с.2: "На подлинном написано собственною его императорскаго величества рукою тако: Быть по сему. Александр. В Санктпетербурге февраля 20 1804". |
| Заглавие |
Положение о крестьянах Лифляндской губернии |
| 518 1# - ЗАГЛАВИЕ В СТАНДАРТНОМ СОВРЕМЕННОМ ПРАВОПИСАНИИ |
| Основное заглавие, вариант заглавия или унифицированное заглавие |
Доклад его императорскому величеству от Комитета, учрежденного для рассмотрения лифляндских дел |
| 620 ## - МЕСТО И ДАТА ПУБЛИКАЦИИ, ИСПОЛНЕНИЯ И Т. Д. |
| Город |
Санкт-Петербург |
| 702 #1 - ИМЯ ЛИЦА - ВТОРИЧНАЯ ОТВЕТСТВЕННОСТЬ |
| Код отношения |
Переводчик |
| Графика поля |
Кириллица |
| Материалы, к которым относится поле |
rus |
| Начальный элемент ввода |
Кайсаров |
| Часть имени, кроме начального элемента ввода |
П. С. |
| Даты |
1777-1854 |
| Расширение инициалов личного имени |
Петр Сергеевич |
| Системный номер авторитетной/нормативной записи |
172085 |
| Идентификатор авторитетной/нормативной записи |
RU\NLR\AUTH\770172135 |
| 702 #0 - ИМЯ ЛИЦА - ВТОРИЧНАЯ ОТВЕТСТВЕННОСТЬ |
| Код отношения |
Адресат, Получатель писем |
| -- |
Подписавшее лицо |
| Материалы, к которым относится поле |
rus |
| Графика поля |
Кириллица |
| Начальный элемент ввода |
Александр |
| Дополнения к именам, кроме дат |
император российский |
| Римские цифры |
I |
| Даты |
1777-1825 |
| Идентификатор авторитетной/нормативной записи |
RU\NLR\AUTH\775342 |
| Системный номер авторитетной/нормативной записи |
115306 |
| 710 01 - НАИМЕНОВАНИЕ ОРГАНИЗАЦИИ - ПЕРВИЧНАЯ ОТВЕТСТВЕННОСТЬ |
| Начальный элемент ввода |
Россия |
| Структурное подразделение |
Комитет для рассмотрения лифляндских дел |
| Идентификатор авторитетной/нормативной записи |
RU\NLR\AUTH\889937858 |
| Системный номер авторитетной/нормативной записи |
370526 |
| 712 02 - НАИМЕНОВАНИЕ ОРГАНИЗАЦИИ - ВТОРИЧНАЯ ОТВЕТСТВЕННОСТЬ |
| Код отношения |
Печатник (типограф) |
| Начальный элемент ввода |
Сенатская типография |
| Идентифицирующий признак |
Петербург |
| Идентификатор авторитетной/нормативной записи |
RU\NLR\AUTH\889940127 |
| Системный номер авторитетной/нормативной записи |
375085 |
| 801 #0 - ИСТОЧНИК ЗАПИСИ |
| Страна |
Российская Федерация |
| Организация |
NLR |
| Дата составления |
20090914 |
| Правила каталогизации |
psbo |
| 801 #1 - ИСТОЧНИК ЗАПИСИ |
| Страна |
Российская Федерация |
| Организация |
ProSoft-M |
| Дата составления |
20090914 |
| Источник данных |
rusmarc |
| 801 #2 - ИСТОЧНИК ЗАПИСИ |
| Страна |
Российская Федерация |
| Организация |
NLR |
| Дата составления |
20100323 |
| Источник данных |
rusmarc |
| 852 ## - МЕСТОНАХОЖДЕНИЕ И ШИФР ХРАНЕНИЯ |
| Идентификатор организации |
NLR |
| Шифр хранения (Call Number) |
18.83.7.39 |
| 852 ## - МЕСТОНАХОЖДЕНИЕ И ШИФР ХРАНЕНИЯ |
| Идентификатор организации |
NLR |
| Шифр хранения (Call Number) |
138/423 |
| 942 ## - ДОПОЛНИТЕЛЬНЫЕ ЭЛЕМЕНТЫ ЗАПИСИ (АБИС) |
| Тип экземпляра АБИС |
Книга |
| 980 ## - КОЛЛЕКЦИЯ |
| Название коллекции |
Национальная библиография |
| 980 3# - КОЛЛЕКЦИЯ |
| Название коллекции |
|
| 980 3# - КОЛЛЕКЦИЯ |
| Название коллекции |
|
| 980 3# - КОЛЛЕКЦИЯ |
| Название коллекции |
|
| 981 22 - КОЛЛЕКЦИЯ ЭЛЕКТРОННОЙ БИБЛИОТЕКИ |
| Название коллекции |
Материалы по истории России |
| Название подколлекции |
2.11.1. Материалы по отдельным регионам |
| 981 20 - КОЛЛЕКЦИЯ ЭЛЕКТРОННОЙ БИБЛИОТЕКИ |
| Название коллекции |
Книжные памятники РНБ |
| Название подколлекции |
Русский книжный фонд |